Statistics for Famous People from South Carolina

Click here to take the quiz!

General Stats

  • This quiz has been taken 7 times
    (4 since last reset)
  • The average score is 6 of 39

Answer Stats

Answer% Correct
Chris Rock
100%
Jesse Jackson
100%
'Shoeless' Joe Jackson
100%
John C. Calhoun
67%
Andy Dick
33%
Buddy Johnson
33%
Darius Rucker
33%
Eartha Kitt
33%
Mary McLeod Bethune
33%
Storm Thurmond
33%
Vanna White
33%
Althea Gibson
0%
Aziz Ansari
0%
Bernard Baruch
0%
Big Show
0%
Bill Anderson
0%
Buff Love
0%
Charlayne Hunter-Gault
0%
Charles Hard Townes
0%
Charles Pinckney
0%
Dizzy Gillespie
0%
DuBose Heyward
0%
Edward Rutledge
0%
Francis Marion
0%
Henry McMaster
0%
James Brown
0%
James F. Byrnes
0%
Joe Frazier
0%
John Rutledge
0%
Joseph H. Burckhalter
0%
Joseph L. Goldstein
0%
Madison Iseman
0%
Nikki Haley
0%
Philip Simmons
0%
Robert Evander McNair
0%
Ronald McNair
0%
William Westmoreland
0%
Will Patton
0%
Zachary Stevens
0%

Score Distribution

Percentile by Number Answered

Percent of People with Each Score

Your Score History

You have not taken this quiz since the last reset